01117nam a2200193Ia 4500001001100000003001000011008004100021040002500062041001200087100002600099245005400125250001100179260006400190300001200254500026000266501011400526520026000640650002300900A870-35441IT-CnALBA170116s9999||||xx |||||||||||||| ||und|| aIT-CnALBAcIT-CnALBA aLATINO  aCICERONE MARCO TULLIO 0aM. T. CICERONIS OPERA OMNIA. ORATIONES. TOMUS X.  a1a ed. a PD, FERRARAbMANFRÈ J. TYP. SEMIN. c1773 [1° Ed.:1773] a774 p.  aDE PROVINCIIS CONSULARIBUS. PROVINCE CONSOLARI. PRO LUCIO CORNELIO BALBO., A DIFESA DI BALBO. IN CALPUGNIUM PISONEM, CONTRO CALPUGNIO PISONE. PRO ANNIO MILONE. ANNIO MILONE. PRO RABIRIO POSTUMO. PRO M. MARCELLO. PRO Q. LIGARIO. PRO REGE DEJOTARO. A DIFESA aSocietà San Paolo EM - Piazza San Paolo, 14 - 12051 ALBA (CN) (non commercial uses only) ® Copyright 2017 aDE PROVINCIIS CONSULARIBUS. PROVINCE CONSOLARI. PRO LUCIO CORNELIO BALBO., A DIFESA DI BALBO. IN CALPUGNIUM PISONEM, CONTRO CALPUGNIO PISONE. PRO ANNIO MILONE. ANNIO MILONE. PRO RABIRIO POSTUMO. PRO M. MARCELLO. PRO Q. LIGARIO. PRO REGE DEJOTARO. A DIFESA aLETTERATURA LATINA